000 01626cam a22004694i 4500
003 PE-LiUPU
005 20250731173537.0
008 150616s1989 miu rb 000 0 eng d
020 _a0892833963
035 _a(Sirsi) i9780892833962
040 _aPE-LiUPU
_bspa
_cPE-LiUPU
_erda
049 _aPRUA
082 0 4 _a231.7
_bK79
_221
100 1 _aKraft, Charles H.,
_eautor.
245 1 0 _aChristianity With Power /
_cCharles H. Kraft.
264 1 _aAnn Arbor, Michigan :
_bVine Books,
_c1989.
300 _a230 páginas ;
_c21 centímetros
336 _atext
_2rdacontent
337 _aunmediated
_2rdamedia
338 _avolume
_2rdacarrier
504 _aBibliografía : páginas 207-212.
505 0 _aSigns and wonders are for evangelicals, too -- Puzzling reflections in a mirror -- Escaping from worldview captivity -- Learning to minister in love and power.
526 _aSEG42
526 _aSEG41
526 _aSEG40
526 _aSEG39
526 _aP94
526 _aP87
526 _aP86
526 _aP85
526 _aP77
526 _aP76
526 _aP35
650 0 4 _aFuerza (Teología cristiana).
910 _ajck
_bjvq
_cjck
942 _2ddc
_cBOOK
949 _a231.7 K79
_wDEWEY
_c1
_i42498
_lCCODEBUL1
_mBUL
_r0
_sY
_tBOOK
_u2015-6-16
_xTEOLOGIA
_zUNKNOWN
_0COMPRA
_o.STAFF. Colección General
994 _aC0
_bPEPRU
596 _a1
999 _a231.7 K79
_wDEWEY
_c60330
_i42498
_f2021-11-9
_g6
_lCCODEBUL1
_mBUL
_p28.00
_r0
_sY
_tBOOK
_u2015-6-16
_xTEOLOGIA
_PP35
_0COMPRA
_o.STAFF. Colección Teología
_d60330
980 _81
_gALBERTO SANCHEZ Responsable de Automatización